Cuadernos de la Escuela del Servicio de Justicia (Registro nro. 8682)

Detalles MARC
000 -LEADER
fixed length control field 02094nas a2200265 454500
001 - CONTROL NUMBER
control field 29921
005 - DATE AND TIME OF LATEST TRANSACTION
control field 20260407193508.0
008 - FIXED-LENGTH DATA ELEMENTS--GENERAL INFORMATION
fixed length control field 260407s2014####ag###########|||spa#d
003 - CONTROL NUMBER IDENTIFIER
control field AR-UNSa-BCEJYS
040 ## - CATALOGING SOURCE
Original cataloging agency AR-UNSa-BCEJYS
Language of cataloging spa
Transcribing agency AR-UNSa-BCEJYS
080 ## - UNIVERSAL DECIMAL CLASSIFICATION NUMBER
Universal Decimal Classification number 347.9
Common auxiliary subdivision Derecho procesal. Procedimiento judicial. Organización y personal al servicio de la administración de justicia
022 ## - INTERNATIONAL STANDARD SERIAL NUMBER
International Standard Serial Number 2362-4442
041 ## - LANGUAGE CODE
Language code of text/sound track or separate title spa
100 1# - MAIN ENTRY--PERSONAL NAME
Personal name Ruiz, Alicia E.C.
245 10 - TITLE STATEMENT
Title Cuadernos de la Escuela del Servicio de Justicia
Name of part/section of a work publicación de la especialización en magistratura ESJ-UNLaM
264 #1 - PRODUCTION, PUBLICATION, DISTRIBUTION, MANUFACTURE, AND COPYRIGHT NOTICE
Place of production, publication, distribution, manufacture Buenos Aires :
Name of producer, publisher, distributor, manufacturer Ministerio de Justicia y Derechos Humanos de la Nación
Date of production, publication, distribution, manufacture, or copyright notice 2014
310 ## - CURRENT PUBLICATION FREQUENCY
Current publication frequency Frecuencia: Anual
505 ## - FORMATTED CONTENTS NOTE
Formatted contents note La Revista de Cuadernos de la Escuela del Servicio de Justicia es una publicación semestral de Ediciones Infojus, con el sello editorial del Ministerio de Justicia y Derechos Humanos de la Nación, que reúne artículos académicos de prestigiosos autores desarrollados en el marco de la Especialización en Magistratura que dicta la Escuela del Servicio de Justicia en conjunto con la Universidad de La Matanza.<br/><br/>La revista está destinada a ampliar el horizonte del debate jurídico, con el propósito de gestar desde el ámbito público un espacio que favorezca la discusión doctrinaria y la difusión de nuevas ideas.<br/><br/>En cada número se abordarán trabajos de investigación por parte de alumnos y profesores que estudian en profundidad el fenómeno de la administración de justicia, desde una mirada crítica y novedosa, constituyendo una propuesta plural, y con criterio federal, que acercará a la comunidad en general y a la comunidad jurídica en particular la posibilidad de acceder a voces y discursos novedosos para la práctica judicial.
590 ## - LOCAL NOTE (RLIN)
Local note niveau_biblio:s niveau_hierar:1
650 ## - SUBJECT ADDED ENTRY--TOPICAL TERM
Topical term or geographic name entry element Administración de justicia
650 ## - SUBJECT ADDED ENTRY--TOPICAL TERM
Topical term or geographic name entry element Derecho
650 ## - SUBJECT ADDED ENTRY--TOPICAL TERM
Topical term or geographic name entry element DOCTRINA
856 41 - ELECTRONIC LOCATION AND ACCESS
Uniform Resource Identifier <a href="https://biblioeco.unsa.edu.ar/pmb/images/revistas/Cuardenos de la Escuela del Servicio de Justicia-r14482.jpg">https://biblioeco.unsa.edu.ar/pmb/images/revistas/Cuardenos de la Escuela del Servicio de Justicia-r14482.jpg</a>
Link text Imagen de portada
Electronic format type image/jpeg
942 ## - ADDED ENTRY ELEMENTS (KOHA)
Koha item type
Existencias
Withdrawn status Lost status Damaged status Not for loan Home library Current library Shelving location Date acquired Serial enumeration / chronology Total checkouts Full call number Barcode Date last seen Price effective from Koha item type
        Biblioteca Prof. Eusebio Cleto del Rey Biblioteca Prof. Eusebio Cleto del Rey   01/09/2014 Nº 1 - sep. 2014   H347.9 CUA 1 R14482 10/04/2026 10/04/2026 Numero